000 00546nam a22002057a 4500
003 OSt
005 20140310182909.0
008 130128t xxu||||| |||| 00| 0 eng d
020 _a9715844774
050 _aKPM 110
_b.T928 2006
082 _aFIL 347.732634
_b.T928 2006
245 _aDavide : an unauthorized biography
_cTupaz, Antonio R.
260 _aQuezon City
_bC & E Publishing
_c2006
300 _a421 p.
_c25 cm.
521 _acollege students
526 _c1210L-1700L
541 _j1
562 _e1
942 _2lcc
_cBK
_kFIL
999 _c17193
_d17193